|
|
|
|
| LEADER |
01228nam a2200325 a 4500 |
| 001 |
000127238 |
| 003 |
CZ BrMZK |
| 005 |
20231026085146.0 |
| 008 |
960815s1996 xr e cze d |
| 015 |
|
|
|a cnb000211069
|
| 035 |
|
|
|a (OCoLC)37961263
|
| 040 |
|
|
|a BOA001
|b cze
|
| 072 |
|
7 |
|a 631
|x Zemědělství. Pedologie. Agrotechnika. Agroekologie
|2 Konspekt
|9 24
|
| 080 |
|
|
|a 631.223
|2 MRF
|
| 080 |
|
|
|a 697.9
|2 MRF
|
| 080 |
|
|
|a (047)
|2 MRF
|
| 100 |
1 |
|
|a Kic, Pavel
|7 xx0022381
|4 aut
|
| 245 |
1 |
0 |
|a Úprava vzduchu ve stájových objektech :
|b (studijní zpráva) /
|c Pavel Kic.
|
| 246 |
3 |
1 |
|a Air conditioning in animal houses
|
| 260 |
|
|
|a Praha :
|b Ústav zemědělských a potravinářských informací,
|c 1996
|
| 300 |
|
|
|a 42 s. :
|b 20 cm.
|
| 490 |
1 |
|
|a Studijní informace. Zemědělská technika a stavby ;
|v č. 3/1996
|
| 500 |
|
|
|a Bibliogr. - Náz. a souhrn též angl.
|
| 650 |
0 |
7 |
|a stáje
|7 ph126174
|2 czenas
|
| 650 |
0 |
7 |
|a vzduchotechnika
|7 ph116654
|2 czenas
|
| 655 |
|
7 |
|a zprávy
|7 fd133875
|2 czenas
|
| 830 |
|
0 |
|a Studijní informace.
|p Zemědělská technika a stavby
|
| 910 |
|
|
|a BOA001
|b X-1028.593
|
| 990 |
|
|
|a BK
|
| 996 |
7 |
|
|b 2610046577
|c X-1028.593
|l MZK
|r Sklad / do 24 hodin
|n 10
|p p.v.
|w 000127238
|u 000010
|a 1
|e BOA001
|j MZK50
|s A
|